000 00739nam a22001937a 4500
999 _c58821
_d58821
003 Ge_BSU
005 20221005143153.0
008 221005b xxu||||| |||| 00| 0 geo d
041 _ageo
080 _a17(075.8) ბ-23
100 _aბანძელაძე, გ.
_93556
245 _aეთიკა :
_b[სახელმძღვ. უმაღლ. სასწ. სტუდენტებისათვის] /
_cგ. ბანძელაძე.
250 _aმე-4 გამოც.
264 _aთბ. :
_bგანათლება,
_c1980.
300 _a555 გვ. ;
_b 21 სმ.
501 _aსახელთა საძიებელი: გვ.548-551.
653 _a ეთიკა
942 _2udc
_cBK